| 000 | 01160cab a2200241 4500 | ||
|---|---|---|---|
| 001 | L136893 | ||
| 008 | 070228n2005 000 0 eng u | ||
| 035 | _a(Sirsi) u136893 | ||
| 041 | 0 | _aeng | |
| 100 | 1 | _aHenricsson, Patrik | |
| 245 | 0 | 0 |
_aMeasuring construction industry competitiveness _ba holistic approach _h[electronic resource] |
| 260 |
_aBrisbane _bQueensland University of Technology _c2005 |
||
| 490 | 0 |
_aCOBRA _v2005 |
|
| 520 | _aDiscusses the existing measures of competitiveness, productivity and profitability as the dominant measures of construction industry competitiveness. Reports upon the application of a set of measures for measuring competitiveness based on the needs of investors, employees, clients and society. Compares the competitiveness of the Swedish construction industry with that of Finland and the UK. | ||
| 590 | _aKA | ||
| 651 | 4 | _aSWEDEN | |
| 651 | 4 | _aFINLAND | |
| 651 | 4 |
_aUnited Kingdom _y |
|
| 690 | _aMANAGEMENT-BUSINESS MANAGEMENT | ||
| 700 | 1 | _aEricsson, Stefan | |
| 856 | 4 | 0 |
_uhttps://www.rics.org/site/scripts/download_info.aspx?downloadID=2609 _zView the item free of charge at www.rics.org... |
| 942 | _n0 | ||
| 999 |
_c78485 _d78485 |
||